| 000 | 00372nam a22001217a 4500 | ||
|---|---|---|---|
| 008 | 230703b xxu||||| |||| 00| 0 eng d | ||
| 082 |
_a352.4 _bMOF |
||
| 100 | _cMinistry of Finance | ||
| 245 | _a2005/2006 Headquater's Sub-Itemised Budget of the Government of Kenya For the Year Ending 30th June, 2006 | ||
| 260 | _bMinistry of Finance | ||
| 300 | _a49p | ||
| 942 |
_2ddc _cBK |
||
| 999 |
_c3220 _d3220 |
||